000 00639nam a2200229Ia 4500
001 18473
003 GE_BSU
008 181216s||||||||xx |||||||||||||| ||und||
020 _a9781292042879
040 _cGE_BSU
080 _a658
100 _aBrown, Duane.
245 _aCareer information, Career Counseling and Development
250 _aPearson New International Edition. Tenth edition
260 _aHarlow
260 _bPearson
260 _c2014
300 _a332 p. 28cm.
653 _aCareer information, Career Counseling and Development
653 _aკარიერა, ინფორმაცია
942 _cBK
999 _c51487
_d51487